Statistics for Countries that Produce the Most Apricots

Click here to take the quiz!

General Stats

  • This quiz has been taken 44 times
  • The average score is 15 of 20

Answer Stats

Production
(metric tonnes)
Country% Correct
266,372Italy
100%
162,872Spain
100%
148,500France
92%
106,600Greece
92%
985,000Turkey
92%
58,035China
90%
96,226Egypt
87%
112,538Morocco
85%
239,712Iran
82%
58,551Russia
82%
256,890Algeria
79%
178,957Pakistan
72%
86,800Japan
67%
63,723Syria
67%
86,680Ukraine
59%
87,320Armenia
56%
131,816Afghanistan
46%
532,565Uzbekistan
46%
48,374Turkmenistan
41%
41,320Serbia
38%

Score Distribution

Percentile by Number Answered

Percent of People with Each Score

Your Score History

You have not taken this quiz